Simposio de geografía urbana (Record no. 90671)
[ view plain ]
| 000 -LEADER | |
|---|---|
| fixed length control field | 00731nam a2200157 4500 |
| 005 - DATE AND TIME OF LATEST TRANSACTION | |
| control field | 20150413113726.0 |
| 008 - FIXED-LENGTH DATA ELEMENTS--GENERAL INFORMATION | |
| fixed length control field | 150413b ag||||| |||| 00| 0 spa d |
| 050 04 - LIBRARY OF CONGRESS CALL NUMBER | |
| Classification number | GF125 |
| Item number | S56 1968 |
| 110 1# - MAIN ENTRY--CORPORATE NAME | |
| Corporate name or jurisdiction name as entry element | Instituto Panamericano de Geografía e Historia. |
| Subordinate unit | Comisión de Geografia |
| Date of meeting or treaty signing | 1966. |
| 245 00 - TITLE STATEMENT | |
| Title | Simposio de geografía urbana |
| Remainder of title | / Instituto Panamericano de Geografía e Historia, Comision de Geografia |
| 260 ## - PUBLICATION, DISTRIBUTION, ETC. (IMPRINT) | |
| Place of publication, distribution, etc | Buenos Aires, Argentina : |
| Name of publisher, distributor, etc | Comité de Geografía Urbana de la Comisión de Geografía, |
| Date of publication, distribution, etc | 1966. |
| 300 ## - PHYSICAL DESCRIPTION | |
| Extent | 324 p. : |
| Dimensions | 20 cm. |
| 650 #7 - SUBJECT ADDED ENTRY--TOPICAL TERM | |
| Source of heading or term | LEMB |
| Topical term or geographic name as entry element | Geografía urbana |
| Form subdivision | Congreso |
| Chronological subdivision | 1965-1969 |
| Geographic subdivision | América |
| 710 1# - ADDED ENTRY--CORPORATE NAME | |
| Corporate name or jurisdiction name as entry element | Buenos Aires, Argentina. |
| Subordinate unit | Instituto Panamericano de Geografía e Historia. |
| Date of meeting or treaty signing | 1965-1969. |
| 942 ## - ADDED ENTRY ELEMENTS (KOHA) | |
| Source of classification or shelving scheme | Biblioteca del Cogreso de los Estados Unidos |
| Koha item type | Libro |
| Estado de pérdida | Fuente de clasificación | Estado del daño | No para préstamo | Ubicación permanente | Ubicación actual | Apartado o colección | Fecha de adquisición | Edición | Dependencia de educación superior (DES) | Área del conocimiento | Clasificación | Código de Barras | Date last seen | Número de copia | Tipo de recurso | Nota pública |
|---|---|---|---|---|---|---|---|---|---|---|---|---|---|---|---|---|
| Biblioteca del Cogreso de los Estados Unidos | Biblioteca del Instituto de Investigaciones Históricas | Biblioteca del Instituto de Investigaciones Históricas | General | 13/04/2015 | 1a ed. | Humanidades | Educación y Humanidades | GF125 S56 1968 | IIH000008998 | 13/04/2015 | C:1 | Libro | GENERAL |